000 00715nam a22002537a 4500
999 _c8410
_d8410
003 AR-CdUCM
008 190325b ||||| |||| 00| 0 spa d
040 _aMUNICIPALIDAD PROVINCIAL DEL CUSCO
_cBIBLIOTECA MUNICIPAL DEL CUSCO
041 _heng
082 _a823 /
_bB78
100 _aBowen, Elizabeth
_923604
245 _aHacia el Norte /
260 _aBuenos Aires :
_bEmecé Editores,
_c1951.
300 _a312 paginas ;
_c18 cm.
500 _aGrandes Novelistas
505 _aContenido: Novelas conjuntas
650 _aPerú
_935
650 _aHistoria
_9136
650 _aNovelas
_9218
650 _aLiteratura
_983
700 _aOyuela, María Antonia
_910785
942 _2ddc
_cLIBROS
945 _apjha